Οι Βρυκόλακες
Αποθηκεύτηκε σε:
| Κύριος συγγραφέας: | |
|---|---|
| Άλλοι συγγραφείς: | |
| Μορφή: | Βιβλίο |
| Γλώσσα: | Greek Norwegian |
| Δημοσίευση: |
Αθήνα :
Μάρη,
19--?]
|
| Θέματα: | |
| Ετικέτες: |
Προσθήκη ετικέτας
Δεν υπάρχουν, Καταχωρήστε ετικέτα πρώτοι!
|
MARC
| LEADER | 00000cam a2200000 i 4500 | ||
|---|---|---|---|
| 001 | 1/84721 | ||
| 008 | 050905q19701980gr | ||| |||| ||gre|| | ||
| 035 | |l 10080091 | ||
| 040 | |a GR-MY-UA |b gre |e aacr | ||
| 041 | 1 | |a gre |h nor | |
| 082 | 7 | |a 889.2 |2 (22) | |
| 100 | 1 | |a Ibsen, Henrik, |d 1828-1906. | |
| 245 | 1 | 3 | |a Οι Βρυκόλακες / |c Ερρίκου Ίψεν ; μετάφραση: Μάριου Λαέρτη. |
| 260 | |a Αθήνα : |b Μάρη, |c 19--?] | ||
| 300 | |a 72 σ. ; |c 21 εκ. | ||
| 500 | |a Με: Η δόξα και το δράμα της Ελλάδος / Γεωργίου Α. Σαμουήλ. - Η χαρτοπαίκτρα / Δημητρίου Ψαθά. - Κίμων ο Αθηναίος / Σάββας Αντωνίου. - Ο Άγιος Κοσμάς ο Αιτωλός / Σάββας Αντωνίου. - Μεσολόγγι / Ξενοφώντα Στεργίου (Στεργιανού). - Ο συμβολαιογράφος / Αλέξανδρου Ραγκάβη . - Καλιγούλας / Άλμπερτ Καμύ | ||
| 500 | |a Τίτλος πρωτοτύπου: Gengangere | ||
| 650 | 0 | 0 | |a Norwegian drama. |
| 700 | 1 | |a Λαέρτης, Μάριος, |e trl | |
| 852 | |a INST |b RHODES |c KRI |e 20050905 |h 889.2 ΣΑΜ |p 005400022425 |q 005400022425 |t BK |y 0 | ||
| 901 | |a BIBL4-2005-3 | ||
| 909 | |a Ρ |b 122299 | ||
| 970 | |a ΣΙΔΕΡΗ |b ΝΕΚΤΑΡΙΑ |z 2005/09/05 | ||